000 00735nam a2200217Ii 4500
003 JO-AjNU
008 230605s9999||||xx |||||||||||||| ||und||
017 _a2004/5/1194
040 _aJO-AjNU
_bara
_erda
_cJO-AjNU
041 _aara
050 1 4 _aHD8001.A42.2004
100 3 _aاعداد:ميساء محمد عرعار,
_eauthor
_910520
245 0 0 _aكيف تكونين ناجحة ومحبوبة في العمل
250 _aط1
264 3 1 _aعمان:الرواد للطباعة،2004
300 _a80ص
336 _atext
_btxt
_2rdacontent
337 _aunmediated
_bn
_2rdamedia
338 _avolume
_bnc
_2rdacarrier
650 4 _aالمرأة-الحياة الاجتماعية-وضع المرأة-دور المرأة
_910521
999 _aA1847
_c5415
_d5415